1960s TV Show by Cast - Statistics

General Stats
  • This quiz has been taken 151 times
  • The average score is 12 of 15
Answer Stats
Hint Answer % Correct
William Shatner, Leonard Nimoy Star Trek
95%
Lorne Greene, Michael Landon Bonanza
89%
Larry Hagman, Barbera Eden I Dream Of Jeannie
86%
Don Adams, Barbara Feldon Get Smart
84%
Bob Denver, Tina Louise Gilligan's Island
84%
Buddy Ebsen, Donna Douglas Beverly Hillbillies
82%
Bob Crane, Richard Dawson Hogan's Heroes
81%
Eddie Albert, Eva Gabor Green Acres
80%
Raymond Burr, Barbara Hale Perry Mason
80%
John Astin, Carolyn Jones The Addams Family
79%
James Arness, Amanda Blake Gunsmoke
70%
David Janssen, Barry Morse The Fugitive
67%
Ernest Borgnine, Tim Conway McHale's Navy
65%
David McCallum, Robert Vaughn The Man From UNCLE
64%
Diana Rigg, Patrick MacNee The Avengers
60%
No matching quizzes found
Score Distribution
Percent of People with Each Score
Percentile by Number Answered
Your Score History
You have not taken this quiz